Thermal behaviour of epoxidised natural rubber (Record no. 71205)

MARC details
000 -LEADER
fixed length control field 00473nam a2200133Ia 4500
100 ## - MAIN ENTRY--AUTHOR NAME
Personal name Ismail J B
245 #0 - TITLE STATEMENT
Title Thermal behaviour of epoxidised natural rubber
260 ## - PUBLICATION, DISTRIBUTION, ETC. (IMPRINT)
Name of publisher International Rubber Conference 1997. Rubber Science and Technology: Improving Quality of Life, Kuala Lumpur, Malaysia 6-9 Oct 1997; p304-311
650 ## - SUBJECT ADDED ENTRY--TOPICAL TERM
Topical Term Epoxidised natural rubber
700 ## - ADDED ENTRY--PERSONAL NAME
Personal name Hashim A S
700 ## - ADDED ENTRY--PERSONAL NAME
Personal name Maidunny Z A
942 ## - ADDED ENTRY ELEMENTS (KOHA)
Koha item type Journals
Holdings
Withdrawn status Lost status Damaged status Not for loan Home library Current library Shelving location Date acquired Koha item type
      Journals RRII Library RRII Library Rubber chemistry 17/12/2021 Journals